000 02499cam a2200373 a 4500
999 _c15252
_d15252
001 15380592
005 20200605104206.0
008 080724s2007 nyua 001 0 eng d
010 _a 2006907913
020 _a9780789315243
020 _a0789315246
035 _a(OCoLC)ocm85869778
040 _aOCO
_cOCO
_dBAKER
_dYDXCP
_dCPL
_dVP@
_dBTCTA
_dCRU
_dDLC
042 _alccopycat
050 0 0 _aBX2215.C5 2001
082 0 0 _a750.1/1
_222
245 0 0 _aGospel sprituality and catholic worship
_cgeneral editor, Stephen Farthing ; preface by Geoff Dyer.
246 3 _aOne thousand one paintings you must see before you die
246 3 _aOne thousand and one paintings you must see before you die
260 _aNew York, NY :
_bUniverse,
_c2000
300 _a138 p. :
_bcol. ill. ;
_c22 cm.
500 _a"A Quintet book"--T.p. verso.
500 _aIncludes artist index.
505 0 _aPreface -- Introduction -- Title index -- Pre-1400 (Egyptian Greek, and Roman art; Byzantine; Romanesque; Medieval and Gothic art; Frescoes and encastic painting) -- 1400s (Early Renaissance Italian and Flemish art; Linear perspective in art; Humanism; Exploration of the New World; Naturalism) -- 1500s (High Renaissance art; Islamic ateliers and Mughal miniatures; Calligraphy; Mannerism; First widespread use of canvas) -- 1600s (Baroque; Classicism; Genre painting; Still lifes; Dutch Masters) -- 1700s (Rococo; Neoclassicism; Academic art; Enlightenment) -- 1800s (Romanticism versus Realism; Pre-Raphaelite Brotherhood; Impressionism and Post-Impressionism; Symbolism; Fin de SiƩcle) -- 1900s (Art nouveau; Fauvism and Cubism; Abstract Expressionism; Modernism) -- 2000s (Eco Art; Neo-Modernism; Avant-Pop; Humanitarian art; Symbiotic art) -- Glossary -- Artist index -- Contributors -- Photo credits -- Acknowledgments.
650 0 _aRELIGION
_xAppreciation.
650 0 _aSprituality
_xHistory.
700 1 _aPaul L.Cioffi
_d1950-
856 4 2 _3Contributor biographical information
_uhttp://www.loc.gov/catdir/enhancements/fy0838/2006907913-b.html
856 4 2 _3Publisher description
_uhttp://www.loc.gov/catdir/enhancements/fy0838/2006907913-d.html
906 _a7
_bcbc
_ccopycat
_d2
_eepcn
_f20
_gy-gencatlg
942 _2lcc
_cOS
_hBX2215.2.C5